000 01271nas a22001817a 4500
007 ta
008 230202s2023 xxk|||||o||||o00| 0 eng d
041 _aeng
245 _aFearn and others v The Board of Trustees of the Tate Gallery
_b [2023] UKSC 4
260 _bThe Supreme Court,
_c1 February 2023
520 _aSupreme Court judgment 1 February 2023. A central London art gallery was liable in private nuisance to the owners of glass-walled flats which were overlooked by its panoramic viewing platform. Although liability in nuisance could not arise from the mere fact that a building overlooked neighbouring land, the viewing platform was an exceptional use of the gallery's land. It attracted thousands of visitors each week, many of whom peered into, and took photographs of, the interior of the flats. That undoubtedly amounted to a substantial interference with the flats' ordinary use and enjoyment.
520 _aJudges: Lord Reed PSC; Lord Lloyd-Jones JSC; Lord Kitchin JSC; Lord Sales JSC; Lord Leggatt JSC
650 _aNUISANCE
650 _aRESIDENTIAL PROPERTY
651 _aUnited Kingdom
690 _96266
_aResidential property
856 _uhttps://www.supremecourt.uk/cases/uksc-2020-0056.html
_zJudgement available on the Supreme Court website
999 _c121350
_d121350